Didier Deschamps' Marseille - Statistics

General Stats
  • This quiz has been taken 6 times
  • The average score is 24 of 44
Answer Stats
Rank Player Position Nationality Matches Goals Assists % Correct
9 André Ayew Centre-Forward 90 29 10
100%
17 André-Pierre Gignac Centre-Forward 65 14 6
100%
12 Jordan Ayew Right Winger 78 10 11
100%
1 Steve Mandanda Goalkeeper 152 0 1
100%
14 Édouard Cissé Defensive Midfield 77 1 0
83%
13 Gabriel Heinze Centre-Back 77 10 1
83%
25 Hatem Ben Arfa Attacking Midfield 43 7 6
83%
10 Loïc Rémy Centre-Forward 88 39 12
83%
22 Mamadou Niang Centre-Forward 48 22 12
83%
2 Benoît Cheyrou Defensive Midfield 141 16 20
67%
7 Brandão Centre-Forward 99 24 12
67%
6 Charles Kaboré Defensive Midfield 117 2 6
67%
20 Jérémy Morel Left-Back 49 1 3
67%
5 Lucho González Central Midfield 124 21 25
67%
3 Mathieu Valbuena Attacking Midfield 136 21 27
67%
4 Souleymane Diawara Centre-Back 125 7 2
67%
8 Stéphane Mbia Defensive Midfield 98 5 3
67%
11 Taye Taiwo Left-Back 78 8 8
67%
19 Alou Diarra Defensive Midfield 50 2 1
50%
30 Andrade Goalkeeper 9 0 0
50%
26 Bakari Koné Right Winger 36 6 6
50%
16 César Azpilicueta Centre-Back 65 2 6
50%
28 Djimi Traoré Centre-Back 20 0 0
50%
15 Fabrice Abriel Central Midfield 76 2 7
50%
29 Fernando Morientes Centre-Forward 19 1 1
50%
27 Hilton Centre-Back 30 2 1
50%
24 Laurent Bonnart Right-Back 44 0 4
50%
33 Leyti N'Diaye Centre-Back 7 0 1
50%
38 Mamadou Samassa Centre-Forward 2 1 0
50%
21 Morgan Amalfitano Right Midfield 49 2 10
50%
18 Rod Fanni Right-Back 64 1 3
50%
37 Billel Omrani Centre-Forward 3 0 1
33%
34 Garry Bocaly Right-Back 6 0 0
33%
35 Gennaro Bracigliano Goalkeeper 5 0 0
33%
31 Jean-Philippe Sabo Left-Back 9 0 0
33%
23 Nicolas N'Koulou Centre-Back 46 0 0
33%
41 Alexander N'Doumbou Defensive Midfield 2 0 0
17%
36 Chris Gadi Right Winger 5 0 0
17%
39 Cyril Rool Left-Back 2 0 0
17%
40 Guy Gnabouyou Centre-Forward 2 0 0
17%
43 Julien Rodriguez Centre-Back 1 0 0
17%
42 Momar Bangoura Defensive Midfield 2 0 0
17%
32 Pape M'Bow Centre-Back 8 0 1
17%
44 Wesley Jobello Left Winger 1 0 0
17%
No matching quizzes found
Score Distribution
Percent of People with Each Score
Percentile by Number Answered
Your Score History
You have not taken this quiz